Wake Up Dead Man (2025): Cast by Picture - Statistics

General Stats
  • This quiz has been taken 17 times
  • The average score is 7 of 11
Answer Stats
Picture Hint Answer % Correct
Benoit Blanc Daniel Craig
88%
Dr. Nat Sharp Jeremy Renner
88%
Fr. Jud Duplenticy Josh O'Connor
88%
Mons. Jefferson Wicks Josh Brolin
81%
Chief Geraldine Scott Mila Kunis
69%
Lee Ross Andrew Scott
56%
Martha Delacroix Glenn Close
56%
Vera Draven, Esq. Kerry Washington
50%
Samson Holt Thomas Haden Church
44%
Simone Vivane Cailee Spaeny
19%
Cy Draven Daryl McCormack
19%
No matching quizzes found
Score Distribution
Percent of People with Each Score
Percentile by Number Answered
Your Score History
You have not taken this quiz